000 00333nam a22001337a 4500
008 170911b xxu||||| |||| 00| 0 eng d
020 _a9781577666332
041 _aeng
080 _22ND
_a91
100 _a42
101 _aGJEO
245 _aAN INTRODUCTION TO STATISTICAL PROBLEM SOLVING IN GEOGRAPHY
_cGREW,J,CH
942 _2udc
_cBK
999 _c26968
_d26968